000
00285nam a22001337a 4500
008
171002b xxu||||| |||| 00| 0 eng d
020
_a
9780435072377
041
_a
eng
080
_a
37
100
_a
47
101
_a
EDU
245
_a
MOSAIC OF THOUGHT
_c
KEENE,E.O
942
_2
udc
_c
BK
999
_c
31083
_d
31083